[Event "Asker CC-ch"]
[Site "Asker"]
[Date "2013.03.04"]
[Round "5"]
[White "Hall, Torstein"]
[Black "Benn, Neil"]
[Result "0-1"]
[WhiteElo "1739"]
[BlackElo "1825"]
[PlyCount "78"]
[EventDate "2013.01.14"]
[EventType "swiss"]
[EventRounds "9"]
[EventCountry "NOR"]
[SourceTitle "EXT 2024"]
[Source "ChessBase"]
[SourceDate "2023.10.10"]
[SourceVersion "1"]
[SourceVersionDate "2023.10.10"]
[SourceQuality "1"]

1. e4 c5 2. Nf3 a6 3. c4 e6 4. Nc3 Nc6 5. d3 Qc7 6. g3 Be7 7. Bg2 Nf6 8. 0-0 0-0 9. b3 d6 10. Bb2 Rd8 11. Rc1 Bd7 12. d4 cxd4 13. Nxd4 Rac8 14. Nd5 exd5 15. cxd5 Qb6 16. dxc6 bxc6 17. Qd3 g6 18. h3 c5 19. Nf3 Bb5 20. Qe3 Bxf1 21. Bxf1 d5 22. exd5 Nxd5 23. Qh6 Bf8 24. Qh4 Bg7 25. Ng5 h6 26. Bxg7 Kxg7 27. Ne4 Nf6 28. Nc3 Rd4 29. g4 h5 30. Na4 Qb4 31. Qg5 Rd5 32. Qe3 Re8 33. Qg3 hxg4 34. Rc4 Qe1 35. hxg4 Ne4 36. Rxe4 Rxe4 37. Nc3 Rxg4 38. Qxg4 Qxc3 39. Bc4 Qc1+ 0-1

[Event "Asker CC-ch"]
[Site "Asker"]
[Date "2013.01.21"]
[Round "6"]
[White "Benn, Neil"]
[Black "Aulin Jansson, Joran"]
[Result "0-1"]
[WhiteElo "1825"]
[BlackElo "2244"]
[PlyCount "102"]
[EventDate "2013.01.14"]
[EventType "swiss"]
[EventRounds "9"]
[EventCountry "NOR"]
[SourceTitle "EXT 2024"]
[Source "ChessBase"]
[SourceDate "2023.10.10"]
[SourceVersion "1"]
[SourceVersionDate "2023.10.10"]
[SourceQuality "1"]

1. d4 Nf6 2. Nf3 g6 3. c4 Bg7 4. g3 0-0 5. Bg2 c5 6. 0-0 cxd4 7. Nxd4 Nc6 8. Nb3 d6 9. Nc3 Ng4 10. Bg5 h6 11. Bd2 Nge5 12. Qc1 Kh7 13. Nd5 e6 14. Nf4 b6 15. Rd1 Ba6 16. Bc3 Rc8 17. c5 d5 18. e4 d4 19. Nxd4 Nxd4 20. Bxd4 Nf3+ 21. Bxf3 Bxd4 22. c6 Qf6 23. e5 Bxe5 24. Qe3 Bxb2 25. Rab1 Be5 26. Rd7 Rc7 27. Rbd1 Rfc8 28. Nxe6 Qxe6 29. Bd5 Rxd7 30. cxd7 Qxd7 31. Qxe5 Rc5 32. Qd4 Be2 33. Bb3 Qxd4 34. Rxd4 Bf3 35. Rc4 Re5 36. Rc1 Kg7 37. h4 g5 38. hxg5 hxg5 39. g4 Rc5 40. Re1 Kf6 41. Kh2 Bxg4 42. Kg3 Be6 43. Re3 a5 44. Rf3+ Ke7 45. Re3 b5 46. f4 a4 47. Bxe6 fxe6 48. fxg5 Rxg5+ 49. Kf4 Rd5 50. Re2 Kd6 51. Rb2 Kc5 0-1

[Event "Asker Autumn"]
[Site "Asker"]
[Date "2012.10.22"]
[Round "6"]
[White "Benn, Neil"]
[Black "Lindblom, Roar"]
[Result "0-1"]
[WhiteElo "1622"]
[BlackElo "1756"]
[PlyCount "84"]
[EventDate "2012.08.27"]
[EventType "tourn"]
[EventRounds "9"]
[EventCountry "NOR"]
[SourceTitle "EXT 2023"]
[Source "ChessBase"]
[SourceDate "2022.10.05"]
[SourceVersion "1"]
[SourceVersionDate "2022.10.05"]
[SourceQuality "1"]

1. d4 d5 2. c4 c6 3. Nc3 Nf6 4. cxd5 cxd5 5. Bf4 Nc6 6. e3 Qa5 7. Rc1 e6 8. Bd3 Be7 9. Nge2 a6 10. h3 0-0 11. 0-0 Bd7 12. Bb1 Rfc8 13. e4 dxe4 14. Nxe4 Nxe4 15. Bxe4 Qxa2 16. d5 Nd8 17. Bc7 Ba4 18. Qd2 Bf6 19. Nc3 Qc4 20. d6 Bxc3 21. Qf4 f5 22. Rxc3 Qxe4 23. Qd2 Bc6 24. f3 Qd5 25. Rd3 Qc5+ 26. Kh1 Bd5 27. Rc1 Qb5 28. b4 Qd7 29. Re1 Rxc7 30. dxc7 Qxc7 31. Rxd5 exd5 32. Qxd5+ Nf7 33. Qxf5 Rd8 34. Qe4 h6 35. h4 Kf8 36. Qf5 Qg3 37. Qe4 Qc7 38. Qf5 Qd7 39. Qc5+ Qd6 40. Qc3 Qd4 41. Qc5+ Qxc5 42. bxc5 Rc8 0-1

[Event "Asker Autumn"]
[Site "Asker"]
[Date "2012.09.17"]
[Round "4"]
[White "Roholdt, Njaal"]
[Black "Benn, Neil"]
[Result "0-1"]
[WhiteElo "1488"]
[BlackElo "1622"]
[PlyCount "80"]
[EventDate "2012.08.27"]
[EventType "tourn"]
[EventRounds "9"]
[EventCountry "NOR"]
[SourceTitle "EXT 2023"]
[Source "ChessBase"]
[SourceDate "2022.10.05"]
[SourceVersion "1"]
[SourceVersionDate "2022.10.05"]
[SourceQuality "1"]

1. d4 Nf6 2. c4 e6 3. Nc3 d5 4. Nf3 c6 5. Bg5 Nbd7 6. e4 dxe4 7. Nxe4 Qa5+ 8. Bd2 Bb4 9. Nd6+ Ke7 10. c5 Bxd2+ 11. Nxd2 Ne8 12. N6c4 Qc7 13. Ne4 b5 14. Ncd2 Ndf6 15. Bd3 Nxe4 16. Nxe4 f5 17. Nd2 Nf6 18. Qe2 Kf7 19. 0-0 Re8 20. Nf3 Kg8 21. Ne5 Bb7 22. Rad1 Rad8 23. Bb1 a5 24. Qe3 Re7 25. Qg5 Bc8 26. Rfe1 Bd7 27. Re3 Be8 28. h3 h6 29. Qh4 Bh5 30. f3 g5 31. Qe1 Nd5 32. Nxc6 Qxc6 33. Qxa5 Ra8 34. Qd2 Nxe3 35. Qxe3 Rae8 36. Qe5 Qd5 37. Qf6 Kh7 38. g4 Bg6 39. gxf5 exf5 40. Kf2 Re6 0-1

[Event "Asker CC-ch"]
[Site "Asker"]
[Date "2012.02.27"]
[Round "3"]
[White "Benn, Neil"]
[Black "Aulin Jansson, Joran"]
[Result "0-1"]
[WhiteElo "1641"]
[BlackElo "2124"]
[PlyCount "64"]
[EventDate "2012.01.16"]
[EventType "tourn"]
[EventRounds "9"]
[EventCountry "NOR"]
[SourceTitle "EXT 2024"]
[Source "ChessBase"]
[SourceDate "2023.10.10"]
[SourceVersion "1"]
[SourceVersionDate "2023.10.10"]
[SourceQuality "1"]

1. e4 c5 2. Nf3 d6 3. d4 cxd4 4. Nxd4 Nf6 5. Nc3 a6 6. Be3 e5 7. Nb3 Be7 8. Qd2 0-0 9. 0-0-0 a5 10. Bb5 Bd7 11. Bxd7 Qxd7 12. a4 Nc6 13. f3 Nb4 14. Kb1 Rfc8 15. g4 Ra6 16. g5 Ne8 17. Nc5 Rxc5 18. Bxc5 Nc7 19. b3 b5 20. h4 bxa4 21. bxa4 Ne6 22. Be3 Rc6 23. Rc1 Rc4 24. Rh2 Qb7 25. Ka1 Nd4 26. Bxd4 exd4 27. Nb5 Nc6 28. Qd3 Rxa4+ 29. Na3 d5 30. Rb1 Qc7 31. Rb3 Qxh2 32. Qa6 Qxc2 0-1

[Event "Asker Autumn"]
[Site "Asker"]
[Date "2011.10.24"]
[Round "6"]
[White "Benn, Neil"]
[Black "Roholdt, Njaal"]
[Result "1-0"]
[WhiteElo "1620"]
[BlackElo "1385"]
[PlyCount "107"]
[EventDate "2011.08.29"]
[EventType "tourn"]
[EventRounds "8"]
[EventCountry "NOR"]
[SourceTitle "EXT 2023"]
[Source "ChessBase"]
[SourceDate "2022.10.05"]
[SourceVersion "1"]
[SourceVersionDate "2022.10.05"]
[SourceQuality "1"]

1. b4 e5 2. Bb2 Bxb4 3. Bxe5 Nf6 4. a3 Bc5 5. d4 Bb6 6. Nf3 0-0 7. h3 Ne4 8. Qd3 d5 9. g4 c5 10. c3 c4 11. Qc2 Nc6 12. Bg2 f5 13. gxf5 Bxf5 14. Qb2 Nxe5 15. Nxe5 Nxf2 16. Rh2 Qh4 17. Bxd5+ Kh8 18. Rxf2 Be6 19. Nf3 Rxf3 20. Bxf3 Bxh3 21. Nd2 Qg3 22. Ne4 Qg6 23. 0-0-0 Bf5 24. Nd2 Bc7 25. e4 Bd7 26. Nxc4 Ba4 27. Rh1 Qg3 28. e5 Rf8 29. Rxh7+ Kxh7 30. Rh2+ Kg8 31. Bd5+ Rf7 32. Bxf7+ Kxf7 33. Qf2+ Qxf2 34. Rxf2+ Ke6 35. Ne3 Bd8 36. Rg2 g5 37. c4 Be7 38. Kb2 b5 39. c5 a5 40. Kc3 b4+ 41. axb4 axb4+ 42. Kxb4 Bc6 43. Rh2 Bf3 44. Rh6+ Kd7 45. Kb5 Be2+ 46. Kb6 Bd8+ 47. Kb7 Bf3+ 48. c6+ Ke7 49. d5 Ba5 50. Rf6 g4 51. Nf5+ Ke8 52. d6 Bxc6+ 53. Kxc6 Bb4 54. Ng7+ 1-0

[Event "Asker Autumn"]
[Site "Asker"]
[Date "2011.09.12"]
[Round "3"]
[White "Rostad, Rolf"]
[Black "Benn, Neil"]
[Result "1-0"]
[WhiteElo "1732"]
[BlackElo "1620"]
[PlyCount "41"]
[EventDate "2011.08.29"]
[EventType "tourn"]
[EventRounds "8"]
[EventCountry "NOR"]
[SourceTitle "EXT 2023"]
[Source "ChessBase"]
[SourceDate "2022.10.05"]
[SourceVersion "1"]
[SourceVersionDate "2022.10.05"]
[SourceQuality "1"]

1. e4 c6 2. d4 d5 3. exd5 cxd5 4. c4 Nf6 5. Nc3 Nc6 6. Nf3 Bg4 7. cxd5 Bxf3 8. Qxf3 Nxd4 9. Qd3 e5 10. dxe6 Nxe6 11. Qb5+ Qd7 12. Be3 a6 13. Qa5 Qd6 14. Bb5+ Ke7 15. Rd1 b6 16. Qa4 Qe5 17. 0-0 Ng4 18. Rd7+ Kf6 19. Nd5+ Kg6 20. Qxg4+ Ng5 21. Bd3+ 1-0

[Event "NOR-chT Clubs"]
[Site "Drammen"]
[Date "2010.10.10"]
[Round "6"]
[White "Gaarder, Hans K"]
[Black "Benn, Neil"]
[Result "1/2-1/2"]
[WhiteElo "1353"]
[BlackElo "1549"]
[PlyCount "108"]
[EventDate "2010.10.08"]
[EventType "team"]
[EventRounds "6"]
[EventCountry "NOR"]
[SourceTitle "EXT 2015"]
[Source "ChessBase"]
[SourceDate "2014.11.20"]
[SourceVersion "1"]
[SourceVersionDate "2014.11.20"]
[SourceQuality "1"]
[WhiteTeam "Nordstrand II"]
[BlackTeam "Asker II"]
[WhiteTeamCountry "NOR"]
[BlackTeamCountry "NOR"]

1. e4 c5 2. Nf3 a6 3. d4 cxd4 4. Nxd4 e5 5. Nf3 Nf6 6. Bg5 h6 7. Bxf6 Qxf6 8. Nc3 Bb4 9. Qd2 0-0 10. a3 Bxc3 11. Qxc3 Nc6 12. 0-0-0 d6 13. Bc4 Bg4 14. Rd3 Bxf3 15. gxf3 Nd4 16. Re3 Rac8 17. Qd3 Rc7 18. c3 b5 19. Bd5 Ne6 20. Bxe6 Qxe6 21. Rd1 Rc6 22. Qd2 a5 23. Qd5 Qxd5 24. Rxd5 Rb8 25. Red3 Rbb6 26. b4 axb4 27. axb4 g5 28. Kb2 f6 29. Rd1 Kf7 30. h4 Ke6 31. hxg5 hxg5 32. Rg1 Rc7 33. Kb3 Rh7 34. c4 bxc4+ 35. Kc3 Rh3 36. Rg3 Rh1 37. Rd2 Rb1 38. Kxc4 R6xb4+ 39. Kd3 Rd4+ 40. Ke2 Rxd2+ 41. Kxd2 d5 42. exd5+ Kxd5 43. Rg4 Rb3 44. Ke2 Rc3 45. Ra4 Rc4 46. Ra5+ Kd4 47. Ra6 f5 48. Rf6 g4 49. Rxf5 Rc2+ 50. Kf1 gxf3 51. Rxf3 Rc1+ 52. Kg2 Ke4 53. Re3+ Kf4 54. Rf3+ Ke4 1/2-1/2

[Event "Asker CC-ch"]
[Site "Asker"]
[Date "2010.03.15"]
[Round "6"]
[White "Roholdt, Njaal"]
[Black "Benn, Neil"]
[Result "0-1"]
[WhiteElo "1284"]
[BlackElo "1488"]
[PlyCount "78"]
[EventDate "2010.01.18"]
[EventType "swiss"]
[EventRounds "9"]
[EventCountry "NOR"]
[SourceTitle "EXT 2024"]
[Source "ChessBase"]
[SourceDate "2023.10.10"]
[SourceVersion "1"]
[SourceVersionDate "2023.10.10"]
[SourceQuality "1"]

1. e4 c5 2. Nf3 a6 3. c3 d5 4. exd5 Qxd5 5. d4 Nc6 6. c4 Qe4+ 7. Be3 cxd4 8. Nxd4 e5 9. Nc3 Bb4 10. Nxc6 bxc6 11. Qb3 Ba5 12. Qa3 Bxc3+ 13. Qxc3 Ne7 14. f3 Qh4+ 15. Bf2 Qf6 16. Bd3 Bf5 17. 0-0 Bxd3 18. Qxd3 Rd8 19. Qa3 0-0 20. Bc5 Rfe8 21. Rad1 Nf5 22. Rxd8 Rxd8 23. Qxa6 h5 24. Qa3 Rd2 25. Bf2 Qg5 26. Qc3 Nd4 27. Qe3 Qg6 28. Qe4 f5 29. Qe3 Re2 30. Qd3 c5 31. Re1 e4 32. fxe4 fxe4 33. Qg3 Rxe1+ 34. Bxe1 Ne2+ 35. Kf1 Nxg3+ 36. Bxg3 Qg4 37. Ke1 h4 38. Bf2 Qxg2 39. Bxc5 Qxh2 0-1

[Event "Asker SK Club Tourn Group Master"]
[Site "Asker"]
[Date "2001.09.03"]
[Round "1"]
[White "Benn, Neil"]
[Black "Carlsen, Magnus"]
[Result "0-1"]
[WhiteElo "1594"]
[BlackElo "2084"]
[PlyCount "98"]
[EventDate "2001.09.03"]
[EventType "tourn"]
[EventRounds "9"]
[EventCountry "NOR"]
[SourceTitle "EXT 2023"]
[Source "ChessBase"]
[SourceDate "2022.10.05"]
[SourceVersion "1"]
[SourceVersionDate "2022.10.05"]
[SourceQuality "1"]

1. d4 Nf6 2. c4 e6 3. Nf3 b6 4. a3 Bb7 5. Nc3 d5 6. Bg5 Be7 7. e3 0-0 8. Rc1 Ne4 9. Bf4 c5 10. Bd3 cxd4 11. exd4 Nxc3 12. Rxc3 dxc4 13. Bxc4 Nc6 14. 0-0 Bf6 15. Be5 Nxe5 16. Nxe5 Bxe5 17. dxe5 Qg5 18. Rg3 Qxe5 19. Qg4 Rad8 20. h4 g6 21. h5 Rd4 22. Qe2 Qxe2 23. Bxe2 Rd2 24. Bc4 Kg7 25. Rc1 Rc8 26. hxg6 hxg6 27. Rgc3 Rxb2 28. Bxe6 Rxc3 29. Rxc3 fxe6 30. Rc7+ Kf6 31. Rxb7 a5 32. a4 Rb4 33. g3 e5 34. Kg2 e4 35. Rb8 Kf5 36. Kh3 Ke5 37. Re8+ Kd6 38. Rb8 Kc5 39. Rc8+ Kd4 40. Rc6 Rxa4 41. Rxb6 Ra2 42. Rd6+ Ke5 43. Rxg6 Rxf2 44. g4 Rf3+ 45. Kh4 a4 46. Rg8 a3 47. Re8+ Kd4 48. Rd8+ Kc3 49. g5 a2 0-1